My everyday pictorial dictionary / (Record no. 305680)
[ view plain ]
| 000 -LEADER | |
|---|---|
| fixed length control field | 00483nam a2200193Ia 4500 |
| 008 - FIXED-LENGTH DATA ELEMENTS--GENERAL INFORMATION | |
| fixed length control field | 170203s9999 xx 000 0 und d |
| 020 ## - INTERNATIONAL STANDARD BOOK NUMBER | |
| International Standard Book Number | 9835036071 |
| 050 ## - LIBRARY OF CONGRESS CALL NUMBER | |
| Classification number | 403 |
| 050 ## - LIBRARY OF CONGRESS CALL NUMBER | |
| Item number | M995 2002 |
| 245 ## - TITLE STATEMENT | |
| Title | My everyday pictorial dictionary / |
| 260 ## - PUBLICATION, DISTRIBUTION, ETC. (IMPRINT) | |
| Place of publication, distribution, etc | Johor Bahru : |
| 260 ## - PUBLICATION, DISTRIBUTION, ETC. (IMPRINT) | |
| Name of publisher, distributor, etc | Penerbitan Pelangi Sdn. Bhd., |
| 260 ## - PUBLICATION, DISTRIBUTION, ETC. (IMPRINT) | |
| Date of publication, distribution, etc | 2002 |
| 300 ## - PHYSICAL DESCRIPTION | |
| Extent | 72 pages : |
| 300 ## - PHYSICAL DESCRIPTION | |
| Other physical details | illustrations : |
| 300 ## - PHYSICAL DESCRIPTION | |
| Dimensions | 30 cm. |
| 650 ## - SUBJECT ADDED ENTRY--TOPICAL TERM | |
| Topical term or geographic name as entry element | Dictionaries - |
| 650 ## - SUBJECT ADDED ENTRY--TOPICAL TERM | |
| General subdivision | Juvenile literature. |
| Withdrawn status | Lost status | Damaged status | Home library | Current library | Shelving location | Date acquired | Total Checkouts | Full call number | Barcode | Date last seen | Price effective from | Koha item type |
|---|---|---|---|---|---|---|---|---|---|---|---|---|
| Stonyhurst Southville International School (Batangas) | Stonyhurst Southville International School (Batangas) | 02/03/2017 | Ref. 403 .M995 2002 | LS- 2481 | 02/03/2017 | 02/03/2017 | Books |